| 000 | 00441nam a22001457a 4500 | ||
|---|---|---|---|
| 008 | 230614b |||||||| |||| 00| 0 eng d | ||
| 040 |
_aNational Science Library _cNational Science Library |
||
| 080 |
_a629.1-567.001.5 _bK7 |
||
| 100 | _aLemcke, Bo | ||
| 245 | _aDouble driver shock tube for shock simulation | ||
| 260 |
_aUppsala: _bAlmqvist & Wiksells Boktryckeri AB, _c1967 |
||
| 300 | _a90p. | ||
| 650 | _aScience | ||
| 942 |
_2udc _cBK |
||
| 999 |
_c44800 _d44800 |
||